<?xml version="1.0" encoding="UTF-8"?>
<record
    xmlns:xsi="http://www.w3.org/2001/XMLSchema-instance"
    xsi:schemaLocation="http://www.loc.gov/MARC21/slim http://www.loc.gov/standards/marcxml/schema/MARC21slim.xsd"
    xmlns="http://www.loc.gov/MARC21/slim">

  <leader>     nam a22     7a 4500</leader>
  <datafield tag="999" ind1=" " ind2=" ">
    <subfield code="c">336733</subfield>
    <subfield code="d">336733</subfield>
  </datafield>
  <controlfield tag="003">IT-MiCISF</controlfield>
  <controlfield tag="005">20170629154537.0</controlfield>
  <controlfield tag="008">170629b        xxu||||| |||| 00| 0 eng d</controlfield>
  <datafield tag="040" ind1=" " ind2=" ">
    <subfield code="a">IT-MiCISF</subfield>
    <subfield code="c">IT-MiCISF</subfield>
  </datafield>
  <datafield tag="041" ind1=" " ind2=" ">
    <subfield code="a">it</subfield>
  </datafield>
  <datafield tag="100" ind1=" " ind2=" ">
    <subfield code="a">Crotti Evi</subfield>
    <subfield code="9">56531</subfield>
  </datafield>
  <datafield tag="245" ind1=" " ind2=" ">
    <subfield code="a">Mio figlio &#xE8; (quasi) un adolescente</subfield>
    <subfield code="b">Conoscere i bisogni e le difficolt&#xE0;</subfield>
  </datafield>
  <datafield tag="260" ind1=" " ind2=" ">
    <subfield code="a">Milano</subfield>
    <subfield code="b">Edizioni Red</subfield>
    <subfield code="c">2007</subfield>
  </datafield>
  <datafield tag="300" ind1=" " ind2=" ">
    <subfield code="a">pp. 142</subfield>
  </datafield>
  <datafield tag="500" ind1=" " ind2=" ">
    <subfield code="a">adolescenza, preadolescenza, educazione, pubert&#xE0;, psicoanalisi, identit&#xE0;-sessuale, rapporti-genitori-figli</subfield>
  </datafield>
  <datafield tag="520" ind1=" " ind2=" ">
    <subfield code="a">Nell'adolescenza si verificano decisivi cambiamenti nel corpo e nella psiche del ragazzo, che acquisisce nuove capacit&#xE0; cognitive e affettive per la conquista di una propria definitiva autonomia e per l'identificazione della propria personalit&#xE0;. In quel momento delicatissimo possono sorgere complessi d'inferiorit&#xE0;, sensi di colpa, timidezze, dubbi esistenziali che rendono difficili i rapporti con genitori, fratelli, coetanei, insegnanti.
Questo volume &#xE8; una guida rivolta a genitori ed educatori per comprendere il mondo degli adolescenti attraverso l'analisi grafologica: grazie a questa sorta di manualetto i genitori potranno conoscere i bisogni e le difficolt&#xE0; del proprio figlio, analizzando la sua scrittura.</subfield>
  </datafield>
  <datafield tag="650" ind1=" " ind2=" ">
    <subfield code="a">et&#xE0;-evolutiva</subfield>
    <subfield code="9">56123</subfield>
  </datafield>
  <datafield tag="654" ind1=" " ind2=" ">
    <subfield code="a">saggio</subfield>
  </datafield>
  <datafield tag="700" ind1=" " ind2=" ">
    <subfield code="a">Magni Alberto</subfield>
    <subfield code="9">56532</subfield>
  </datafield>
  <datafield tag="942" ind1=" " ind2=" ">
    <subfield code="2">ddc</subfield>
    <subfield code="c">BK</subfield>
  </datafield>
  <datafield tag="952" ind1=" " ind2=" ">
    <subfield code="0">0</subfield>
    <subfield code="1">0</subfield>
    <subfield code="2">ddc</subfield>
    <subfield code="4">0</subfield>
    <subfield code="6">B_7356_000000000000000</subfield>
    <subfield code="7">1</subfield>
    <subfield code="a">CISF</subfield>
    <subfield code="b">CISF</subfield>
    <subfield code="d">2017-06-29</subfield>
    <subfield code="l">0</subfield>
    <subfield code="o">b7356</subfield>
    <subfield code="p">9788874475377</subfield>
    <subfield code="r">2017-06-29 00:00:00</subfield>
    <subfield code="w">2017-06-29</subfield>
    <subfield code="y">BK</subfield>
  </datafield>
</record>
